00876nam a2200217Ia 4500003000900000008004100009020001800050040001600068080002200084111007700106245020600183260006100389300001700450490003400467650001700501650002600518650002200544700002400566700002200590710004600612IN-BaIIA211028s9999 xx 000 0 eng d a1-58381-156-7 cIIA Library a082.2:52bASP-307 aInternational Workshop on Solar PolarizationcSpaind2002 Sept.30- Oct 4 0aSolar polarization 3bproceedings of an International workshop held in Canary Islands, Spain, 30 Sep - 4 Oct 2002cedited by J. T. Bueno and J. S. Almeida  aSan FranciscobAstronomical Society of the Pacificc2003 axviii, 615p. aASP conference series; v. 307 aPolarization aSolar magnetic fields aSolar polarimetry aAlmeida, J. S., ed. aBueno, J. T., ed. aAstronomical Society of the Pacific